| 000 | 00483cam a2200205ua 4500 | ||
|---|---|---|---|
| 001 | 7863 | ||
| 005 | 20260515114249.0 | ||
| 008 | 141229n ii |||gr||||Z||||||ben | ||
| 040 | _cMAIN | ||
| 041 | _aben | ||
| 082 | _a306.954 | ||
| 100 |
_aSen, K., _eAuthor. |
||
| 245 | 1 |
_aBharater sanskriti _cBy Kshitimohan Sen |
|
| 250 | _a1st. | ||
| 260 |
_aKolkatta: _bBiswabharati, _c1962. |
||
| 300 | _a74p. | ||
| 653 | _aCulture & institutions | ||
| 653 | _aIndian culture | ||
| 942 | _cBK | ||
| 999 |
_c6978 _d6978 |
||